Analýza možností detekcie defektov v materiáli pomocou aktívnej termovízie

Salvato in:
Dettagli Bibliografici
Autore principale: Rusin, Jerguš (Autore)
Altri autori: Chmelko, Vladimír (Relatore della tesi)
Natura: Manoscritto Libro
Lingua:slovacco
Pubblicazione: 2023
Soggetti:
Accesso online:http://is.stuba.sk/zp/portal_zp.pl?podrobnosti=170454
Tags: Aggiungi Tag
Nessun Tag, puoi essere il primo ad aggiungerne!!

MARC

LEADER 00000ntm a22000003a 4500
001 stuzp94770
003 SK-STU
005 20230909223126.4
007 ta
008 150427s2015----xo-----f-mn---000-0-slo-d
040 |a STU  |b slo 
041 0 |a slo 
100 1 |a Rusin, Jerguš  |u 020010  |4 aut  |U SjF Strojnícka fakulta  |T SjF Ústav aplikovanej mechaniky a mechatroniky  |X 98898  |U J0010  |Y 801  |7 98898 
242 0 1 |a Analysis of defect detection possibilities in materials using active thermography  |y eng 
245 1 0 |a Analýza možností detekcie defektov v materiáli pomocou aktívnej termovízie 
260 |c 2023 
650 4 |a termovízia  |2 slo 
650 4 |a teplotný šok  |2 slo 
650 4 |a detekcia defektov  |2 slo 
650 4 |a thermal shock  |2 eng 
650 4 |a defect detection  |2 eng 
650 4 |a thermography  |2 eng 
700 1 |a Chmelko, Vladimír  |u 020010  |k Z1  |4 ths  |U SjF Strojnícka fakulta  |T SjF Ústav aplikovanej mechaniky a mechatroniky  |X 2396  |U J0010  |Y 801  |7 A000002396 
856 4 |u http://is.stuba.sk/zp/portal_zp.pl?podrobnosti=170454